Konkrete Hoffnungszeichen - Bildung in der Sicherungsverwahrung: Entstehung und Durchführung
| Autor principal: | |
|---|---|
| Tipo de documento: | Print Artículo |
| Lenguaje: | Alemán |
| Publicado: |
2010
|
| En: |
Forum Strafvollzug
Año: 2010, Volumen: 59, Número: 3, Páginas: 146-148 |
| Availability in Albert-Krebs Library: | Z.01 56.2007 ff |
| Verificar disponibilidad: | HBZ Gateway |
| Palabras clave: |
MARC
| LEADER | 00000caa a2200000 c 4500 | ||
|---|---|---|---|
| 001 | 1627946985 | ||
| 003 | DE-627 | ||
| 005 | 20221020084129.0 | ||
| 007 | tu | ||
| 008 | 100804s2010 xx ||||| 00| ||ger c | ||
| 035 | |a (DE-627)1627946985 | ||
| 035 | |a (DE-576)327159103 | ||
| 035 | |a (DE-599)BSZ327159103 | ||
| 040 | |a DE-627 |b ger |c DE-627 |e rakwb | ||
| 041 | |a ger | ||
| 084 | |a 2,1 |2 ssgn | ||
| 100 | 1 | |a Jarmer, Manfred |4 aut | |
| 245 | 1 | 0 | |a Konkrete Hoffnungszeichen - Bildung in der Sicherungsverwahrung |b Entstehung und Durchführung |c Manfred Jarmer |
| 264 | 1 | |c 2010 | |
| 336 | |a Text |b txt |2 rdacontent | ||
| 337 | |a ohne Hilfsmittel zu benutzen |b n |2 rdamedia | ||
| 338 | |a Band |b nc |2 rdacarrier | ||
| 610 | 2 | 7 | |0 (DE-588)2101957-5 |0 (DE-627)100941664 |0 (DE-576)193109689 |a Justizvollzugsanstalt Diez |2 gnd |
| 610 | 2 | 7 | |0 (DE-588)2009545-4 |0 (DE-627)101659261 |0 (DE-576)191644501 |a Katholische Kirche |2 gnd |
| 650 | 0 | 7 | |0 (DE-588)4181175-6 |0 (DE-627)105320234 |0 (DE-576)210003065 |a Sicherungsverwahrung |2 gnd |
| 650 | 0 | 7 | |0 (DE-588)4071629-6 |0 (DE-627)106097229 |0 (DE-576)209184531 |a Gefängnisseelsorge |2 gnd |
| 650 | 0 | 7 | |0 (DE-588)4030702-5 |0 (DE-627)104731745 |0 (DE-576)208988742 |a Kirche |2 gnd |
| 650 | 4 | |a Sicherungsverwahrung |x Gefangenenseelsorge |7 (dpeaa)DE-2619 | |
| 650 | 4 | |a Gefangenenseelsorge |7 (dpeaa)DE-2619 | |
| 651 | 7 | |0 (DE-588)4049795-1 |0 (DE-627)106185543 |0 (DE-576)209083689 |a Rheinland-Pfalz |2 gnd | |
| 773 | 0 | 8 | |i In |t Forum Strafvollzug |d Wiesbaden : Ges. für Fortbildung der Strafvollzugsbediensteten, 2007 |g 59(2010), 3, Seite 146-148 |w (DE-627)52370271X |w (DE-600)2268640-X |w (DE-576)261472836 |x 1865-1534 |7 nnas |
| 773 | 1 | 8 | |g volume:59 |g year:2010 |g number:3 |g pages:146-148 |
| 889 | |w (DE-627)1818636867 | ||
| 935 | |a mkri | ||
| 951 | |a AR | ||
| AKB | |a 56.2007 ff |b Z.01 | ||
| ELC | |b 1 | ||
| LOK | |0 000 xxxxxcx a22 zn 4500 | ||
| LOK | |0 001 3272155090 | ||
| LOK | |0 003 DE-627 | ||
| LOK | |0 004 1627946985 | ||
| LOK | |0 005 20250602093948 | ||
| LOK | |0 008 100804||||||||||||||||ger||||||| | ||
| LOK | |0 040 |a DE-21-110 |c DE-627 |d DE-21-110 | ||
| LOK | |0 689 |a s |a Bildung | ||
| LOK | |0 852 |a DE-21-110 | ||
| LOK | |0 852 1 |m p |9 00 | ||
| LOK | |0 935 |a tre1 | ||
| LOK | |0 938 |k p | ||
| LOK | |0 939 |a 04-08-10 |b l01 | ||
| LOK | |0 000 xxxxxcx a22 zn 4500 | ||
| LOK | |0 001 4196308619 | ||
| LOK | |0 003 DE-627 | ||
| LOK | |0 004 1627946985 | ||
| LOK | |0 005 20221019205658 | ||
| LOK | |0 008 221011||||||||||||||||ger||||||| | ||
| LOK | |0 035 |a (DE-2619)p11706 | ||
| LOK | |0 040 |a DE-2619 |c DE-627 |d DE-2619 | ||
| LOK | |0 092 |o n | ||
| LOK | |0 852 |a DE-2619 | ||
| LOK | |0 852 1 |m p |9 00 | ||
| LOK | |0 935 |a kreb | ||
| LOK | |0 938 |k p | ||
| LOK | |0 939 |a 11-10-22 |b l01 | ||
| ORI | |a SA-MARC-krimdoka001.raw | ||
